<?xml version="1.0" encoding="UTF-8"?><?xml-stylesheet type="text/xsl" href="static/style.xsl"?><OAI-PMH xmlns="http://www.openarchives.org/OAI/2.0/" xmlns:xsi="http://www.w3.org/2001/XMLSchema-instance" xsi:schemaLocation="http://www.openarchives.org/OAI/2.0/ http://www.openarchives.org/OAI/2.0/OAI-PMH.xsd"><responseDate>2026-04-28T21:05:30Z</responseDate><request verb="GetRecord" identifier="oai:riubu.ubu.es:10259/6179" metadataPrefix="marc">https://riubu.ubu.es/oai/request</request><GetRecord><record><header><identifier>oai:riubu.ubu.es:10259/6179</identifier><datestamp>2024-06-13T08:06:28Z</datestamp><setSpec>com_10259_4323</setSpec><setSpec>com_10259_5086</setSpec><setSpec>com_10259_2604</setSpec><setSpec>col_10259_4330</setSpec></header><metadata><record xmlns="http://www.loc.gov/MARC21/slim" xmlns:doc="http://www.lyncode.com/xoai" xmlns:xsi="http://www.w3.org/2001/XMLSchema-instance" xmlns:dcterms="http://purl.org/dc/terms/" xsi:schemaLocation="http://www.loc.gov/MARC21/slim http://www.loc.gov/standards/marcxml/schema/MARC21slim.xsd">
<leader>00925njm 22002777a 4500</leader>
<datafield tag="042" ind1=" " ind2=" ">
<subfield code="a">dc</subfield>
</datafield>
<datafield tag="720" ind1=" " ind2=" ">
<subfield code="a">Trenzado, José Luis</subfield>
<subfield code="e">author</subfield>
</datafield>
<datafield tag="720" ind1=" " ind2=" ">
<subfield code="a">Rozas Azcona, Sara</subfield>
<subfield code="e">author</subfield>
</datafield>
<datafield tag="720" ind1=" " ind2=" ">
<subfield code="a">Caro, M.N.</subfield>
<subfield code="e">author</subfield>
</datafield>
<datafield tag="720" ind1=" " ind2=" ">
<subfield code="a">Atilhan, Mert</subfield>
<subfield code="e">author</subfield>
</datafield>
<datafield tag="720" ind1=" " ind2=" ">
<subfield code="a">Aparicio Martínez, Santiago</subfield>
<subfield code="e">author</subfield>
</datafield>
<datafield tag="260" ind1=" " ind2=" ">
<subfield code="c">2021-07</subfield>
</datafield>
<datafield tag="520" ind1=" " ind2=" ">
<subfield code="a">The properties, structuring and intermolecular forces of diglyme + alkanol mixtures are studied using a&#xd;
combined experimental and theoretical approach. The thermophysical properties as well as the molecular&#xd;
simulation results provide detailed characterization of the mixtures in terms of composition, type of&#xd;
1-alkanol and temperature. The possibility of development of heteroassociations by glyme - alkanol&#xd;
hydrogen bonding as well as their effect on the weakening and breaking on alkanols self-association&#xd;
show a pivotal role on the mixtures structure as well as the glyme self-association. The reported mixtures&#xd;
show complex structural effects varying with mixtures composition which may be considered as model&#xd;
of ether – hydroxyl interaction and their effects on the mixture’s properties and nature.</subfield>
</datafield>
<datafield tag="024" ind2=" " ind1="8">
<subfield code="a">0167-7322</subfield>
</datafield>
<datafield tag="024" ind2=" " ind1="8">
<subfield code="a">http://hdl.handle.net/10259/6179</subfield>
</datafield>
<datafield tag="024" ind2=" " ind1="8">
<subfield code="a">10.1016/j.molliq.2021.116048</subfield>
</datafield>
<datafield ind1=" " ind2=" " tag="653">
<subfield code="a">Liquid mixtures</subfield>
</datafield>
<datafield ind1=" " ind2=" " tag="653">
<subfield code="a">Glymes</subfield>
</datafield>
<datafield ind1=" " ind2=" " tag="653">
<subfield code="a">Alcohols</subfield>
</datafield>
<datafield ind1=" " ind2=" " tag="653">
<subfield code="a">Hydrogen bonding</subfield>
</datafield>
<datafield ind1=" " ind2=" " tag="653">
<subfield code="a">Thermophysics</subfield>
</datafield>
<datafield ind1=" " ind2=" " tag="653">
<subfield code="a">Molecular simulation</subfield>
</datafield>
<datafield tag="245" ind1="0" ind2="0">
<subfield code="a">A combined experimental and theoretical study on diglyme + 1-alkanol liquid mixtures</subfield>
</datafield>
</record></metadata></record></GetRecord></OAI-PMH>